Logo

Description automatically generated
विद्यार्जन
 संसाधन केंद्र, भारतीय प्रौद्योगिकी संस्थान इन्दौर
Learning Resource Center, Indian Institute of Technology Indore

ऑनलाइन सार्वजनिक अभिगम प्रसूची
Online Public Access Catalogue (OPAC)

The postcolonial novel (Record no. 57361)

MARC details
000 -LEADER
fixed length control field 00859nam a2200265Ia 4500
005 - DATE AND TIME OF LATEST TRANSACTION
control field 20260704175957.0
008 - FIXED-LENGTH DATA ELEMENTS--GENERAL INFORMATION
fixed length control field 260704s9999||||xx |||||||||||||| ||und||
020 ## - INTERNATIONAL STANDARD BOOK NUMBER
International Standard Book Number 0745602290
Qualifying information pbk
020 ## - INTERNATIONAL STANDARD BOOK NUMBER
International Standard Book Number 9780745602295
Qualifying information pbk
082 ## - DEWEY DECIMAL CLASSIFICATION NUMBER
Classification number 823.914
Item number LAN
100 ## - MAIN ENTRY--PERSONAL NAME
Personal name Lane, Richard J.
245 #4 - TITLE STATEMENT
Title The postcolonial novel
250 ## - EDITION STATEMENT
Edition statement 1st Ind. rep. 2007
260 ## - PUBLICATION, DISTRIBUTION, ETC.
Place of publication, distribution, etc. Cambridge
Name of publisher, distributor, etc. Polity Press
Date of publication, distribution, etc. 2006
300 ## - PHYSICAL DESCRIPTION
Extent vii, 146p. ; 23cm.
490 ## - SERIES STATEMENT
Series statement Themes in Twentieth-Century literature and culture
653 ## - INDEX TERM--UNCONTROLLED
Uncontrolled term Commonwealth fiction (English)--History and criticism
653 ## - INDEX TERM--UNCONTROLLED
Uncontrolled term Comparative literature
653 ## - INDEX TERM--UNCONTROLLED
Uncontrolled term English fiction--20th century--History and criticism
653 ## - INDEX TERM--UNCONTROLLED
Uncontrolled term Imperialism in literature
653 ## - INDEX TERM--UNCONTROLLED
Uncontrolled term Literature and society
653 ## - INDEX TERM--UNCONTROLLED
Uncontrolled term Postcolonialism in literature
653 ## - INDEX TERM--UNCONTROLLED
Uncontrolled term Postcolonialism in literature
942 ## - ADDED ENTRY ELEMENTS (KOHA)
Koha item type Book
Holdings
Withdrawn status Lost status Damaged status Not for loan Home library Current library Shelving location Date acquired Source of acquisition Total Checkouts Full call number Barcode Date last seen Price effective from Koha item type
        LRC, IIT Indore LRC, IIT Indore 2nd Floor - General Stack 04/07/2026 Gratis Book Price: INR 395.00   823.914 LAN G2586 04/07/2026 04/07/2026 Book
Copyright © 2017-2026 Indian Institute of Technology Indore. All Rights Reserved.
Managed & maintained by Learning Resource Center, IIT Indore